00670 2200193 4500001002100000005001500021035002500036008004100061245012100102100005800223260007600281300002100357020002200378082001800400084002400418650000900442600001400451990001100465INLIS00000000000006820220527112926 a0010-121900000000068220527 | ind 1 aAbstrak hasil penelitian pertanian komoditas padi. Jil. 1-2 /cPusat Perpustakaan dan Penyebaran Teknologi Pertanian0 aPUSAT PERPUSTAKAAN DAN PENYEBARAN TEKNOLOGI PERTANIAN aJakarta :bPusat Perpustakaan dan Penyebaran Teknologi Pertanian,c2008 a2 jil. ;c25 cm. a978-979-894-306-5 a633,18(084.3) a633.18(084.3) PUS a 4aRICE 4aABSTRACTS abC0627